00386nam a2200109Ia 4500008004100000050002300041100002300064245007100087260008600158300002000244521001200264140724s9999 xx 000 0 und d aRM 214b.Ig24 2013 aIgnacio, Juliet T. 2aA phenomenological study of pregnant smokers /cJuliet T. Ignacio. aLas Piñas, Philippines :bSouthville International School and Colleges,cc2013. a73 p. :c28 cm. aNursing